000 00478nam a22001337a 4500
999 _c524443
_d524443
008 231117b ||||| |||| 00| 0 eng d
100 _aDas, Jatindra Kumar
_946120
245 _aReformulating India’s artificial inelegance regulatory framework: Retrospect and prospect
260 _aJournal of the Indian Law Institute
300 _a 64(4), Oct-Dec, 2022: p.441-459
773 _aJournal of the Indian Law Institute
906 _aARTIFICIAL INTELLEGENCE
942 _cAR